000
00346nam a2200145Ia 4500
008
221030s9999 xx 000 0 und d
041
_a
English
082
_a
105.23
100
_a
S.k. Bhattacharya
245
0
_a
Electronics and Instrumentation
_c
by S.k. Bhattacharya , R. Vig
260
_c
0
650
_a
B
700
_a
R. Vig
942
_c
BK
999
_c
10797
_d
10797